Cận đại Việt sử diễn ca

Salvato in:
Dettagli Bibliografici
Autore principale: Huỳnh Thiên Kim
Natura: Libro
Lingua:Undetermined
Pubblicazione: Sài gòn Dân sanh phục vụ xã 1962
Soggetti:
Tags: Aggiungi Tag
Nessun Tag, puoi essere il primo ad aggiungerne! !
Thư viện lưu trữ: Trung tâm Học liệu Trường Đại học Cần Thơ
LEADER 00487nam a2200169Ia 4500
001 CTU_10955
008 210402s9999 xx 000 0 und d
082 |a 959.704 
082 |b K310 
100 |a Huỳnh Thiên Kim 
245 0 |a Cận đại Việt sử diễn ca 
245 0 |c Huỳnh Thiên Kim 
260 |a Sài gòn 
260 |b Dân sanh phục vụ xã 
260 |c 1962 
650 |a vietnam - history 
980 |a Trung tâm Học liệu Trường Đại học Cần Thơ